000 00342nam a2200157Ia 4500
100 _aTaguchi/Genichi/ Choudhury/Subhir
650 _aTaguchi
942 _cBK
366 _f20
245 _aMahalanobis-Taguchi system
260 _bMcGraw-Hill
_c2001
082 _a670
_bTAG
300 _a188
546 _aENGLISH
_cInfo.Tech
999 _c33245
_d33245